[Event "Bogota Empresas op"]
[Site "Bogota"]
[Date "2024.05.19"]
[Round "1"]
[White "Casas Ospina, Favio"]
[Black "Garcia Molano, Samuel"]
[Result "1-0"]
[WhiteElo "1841"]
[BlackElo "1484"]
[PlyCount "113"]
[EventDate "2024.05.19"]
[EventType "swiss"]
[EventRounds "7"]
[EventCountry "COL"]
[SourceTitle "CB21_2024"]
[SourceDate "2024.05.22"]
[SourceVersion "1"]
[SourceVersionDate "2024.05.22"]
[SourceQuality "1"]

1. e4 e5 2. d4 d6 3. Bc4 Nd7 4. Nf3 f6 5. Nc3 Nb6 6. Bb3 Bg4 7. d5 Qd7 8. h3 Bh5 9. a4 a5 10. Be3 0-0-0 11. Qd2 f5 12. exf5 Qxf5 13. Ng5 Bf7 14. g4 Qf6 15. 0-0-0 h6 16. Nce4 Qe7 17. Nxf7 Qxf7 18. Qxa5 Nf6 19. Nc3 Be7 20. Bxb6 cxb6 21. Qxb6 Rde8 22. Nb5 Bd8 23. Nxd6+ Kb8 24. Nxf7 Bxb6 25. Nxh8 Rxh8 26. f3 e4 27. fxe4 Nxe4 28. Rde1 Nf2 29. Rh2 Bc7 30. Rxf2 Bg3 31. Rfe2 Bxe1 32. Rxe1 Kc7 33. Re7+ Kb6 34. Rxg7 h5 35. g5 Rf8 36. Rh7 Rf1+ 37. Kd2 Rf2+ 38. Ke1 Rf3 39. Rxh5 Re3+ 40. Kf2 Re5 41. h4 Rf5+ 42. Kg3 Kc7 43. Kg4 Rf8 44. g6 Kd6 45. g7 Re8 46. Rg5 Rg8 47. h5 Ke7 48. h6 Re8 49. h7 Kf6 50. h8Q Re4+ 51. Kf3 Kxg5 52. g8Q+ Kf5 53. Qh5+ Kf6 54. Qgg6+ Ke7 55. Qhh7+ Kd8 56. Qxe4 Kc8 57. Qe8# 1-0

[Event "Bogota Empresas op"]
[Site "Bogota"]
[Date "2024.05.19"]
[Round "4"]
[White "Garcia Molano, Samuel"]
[Black "Lerma Munoz, Luis Alberto"]
[Result "1/2-1/2"]
[WhiteElo "1484"]
[BlackElo "1479"]
[PlyCount "88"]
[EventDate "2024.05.19"]
[EventType "swiss"]
[EventRounds "7"]
[EventCountry "COL"]
[SourceTitle "CB21_2024"]
[SourceDate "2024.05.22"]
[SourceVersion "1"]
[SourceVersionDate "2024.05.22"]
[SourceQuality "1"]

1. e4 e5 2. Nf3 Nf6 3. Nc3 Bb4 4. d3 Bxc3+ 5. bxc3 d6 6. Be2 0-0 7. 0-0 Re8 8. Bg5 h6 9. Bh4 b6 10. d4 Bb7 11. dxe5 dxe5 12. Qxd8 Rxd8 13. Bd3 Rd6 14. Bxf6 Rxf6 15. Nxe5 Re6 16. f4 Nc6 17. Nxc6 Bxc6 18. e5 Rd8 19. Rad1 Kf8 20. Bc4 Rxd1 21. Rxd1 Re8 22. Rb1 Be4 23. Rb2 Rd8 24. Bd3 Bxd3 25. cxd3 Rxd3 26. c4 Rd4 27. Rc2 Rxf4 28. c5 b5 29. a3 Re4 30. Rb2 c6 31. Kf2 Rxe5 32. Rc2 Ke7 33. Kf3 Kf6 34. g4 g5 35. Rd2 Rd5 36. Rxd5 cxd5 37. Ke3 Ke6 38. Kd4 a5 39. c6 Kd6 40. c7 Kxc7 41. Kxd5 b4 42. axb4 axb4 43. Kc4 b3 44. Kxb3 Kd6 1/2-1/2

[Event "Bogota Empresas op"]
[Site "Bogota"]
[Date "2024.05.19"]
[Round "2"]
[White "Garcia Molano, Samuel"]
[Black "Vargas Castillo, Camilo Enrique"]
[Result "1-0"]
[WhiteElo "1484"]
[BlackElo "1691"]
[PlyCount "82"]
[EventDate "2024.05.19"]
[EventType "swiss"]
[EventRounds "7"]
[EventCountry "COL"]
[SourceTitle "CB21_2024"]
[SourceDate "2024.05.22"]
[SourceVersion "1"]
[SourceVersionDate "2024.05.22"]
[SourceQuality "1"]

1. e4 e5 2. Nf3 Nc6 3. Nc3 Nf6 4. Bc4 Be7 5. d3 d6 6. h3 a6 7. a4 Bd7 8. 0-0 Qc8 9. Ng5 0-0 10. Qf3 Nd4 11. Qe3 c5 12. Nd5 Nxd5 13. Bxd5 Ne6 14. Bxe6 Bxe6 15. Nxe6 Qxe6 16. c3 f5 17. d4 f4 18. Qf3 b6 19. dxc5 bxc5 20. b4 cxb4 21. cxb4 Qc4 22. Bd2 Rf6 23. Rfc1 Qe6 24. b5 axb5 25. axb5 Rxa1 26. Rxa1 Rf8 27. b6 Qc8 28. Qb3+ Kh8 29. b7 Qb8 30. Ra8 Qxa8 31. bxa8Q Rxa8 32. Qb7 Ra1+ 33. Kh2 Bf8 34. g3 Ra2 35. Be1 fxg3+ 36. Kxg3 h6 37. Bb4 Rb2 38. Qc8 Rb3+ 39. f3 Rxb4 40. Qxf8+ Kh7 41. Qxd6 Rb3 1-0